Son Cartel volume 1 et 2 Koba LaD - Statistiques

Statistiques générales
  • Ce quiz a été pris 25 fois
  • Le résultat moyen est 9 sur 14
Statistiques - réponses
TITRES % Correct
6( GAZO) DADDY CHOCOLAT
88%
8( NAPS) DOUDOU
88%
1( SDM, GUY2BEZBAR) TUE CA
82%
14( JUL) TCPLT
71%
12SOLO SHOOT
65%
3( LAYLOW) BATARDS
59%
7( ZKR, LANDY) CHERCHER L'OR
59%
5 ( OBOY) CRAME
59%
2 SOLO M POWER
59%
4( FRENETIK, GIANNI) KILOS DE BEUH
53%
13( JOZII) MON BEBE
53%
11( MHD) GROS BONNETS
47%
9SOLO TRAFFIC
47%
10( GREEN MONTANA) MISSION
41%
Aucun quiz correspondant
Distribution des résultats
% des personnes avec chaque résultat
Percentile par nombre de réponses
Votre historique - résultats
Vous n’avez pas pris ce quiz